| 000 | 00398nam a2200157Ia 4500 | ||
|---|---|---|---|
| 008 | 230917s9999||||xx |||||||||||||| ||und|| | ||
| 040 |
_e114253 _aMAIN |
||
| 041 | _aEnglish | ||
| 082 | _a576.5 H255G | ||
| 100 | _aHartl, Daniel L | ||
| 245 | 0 | _aGenetics: Analysis of genes and genomes | |
| 250 | _a6th ed. | ||
| 260 |
_aBoston _bJones and Bartlett _c2005 |
||
| 300 | _axv, 854 p. | ||
| 942 | _cBK | ||
| 999 |
_c141280 _d141280 |
||